Rýchla plynová chromatografia v (ultra)stopovej analýze semiprchavých látok . Využitie v analýze pesticídov
Salvato in:
| Autore principale: | |
|---|---|
| Natura: | Libro |
| Lingua: | slovacco |
| Pubblicazione: |
Bratislava
STU FCHPT
2005
|
| Accesso online: | Visualizza in OPAC |
| Tags: |
Nessun Tag, puoi essere il primo ad aggiungerne!!
|
MARC
| LEADER | 00000nam a2200000 a 4500 | ||
|---|---|---|---|
| 005 | 20260127134059.0 | ||
| 008 | 061005 2006 xo 000 0 slo d | ||
| 035 | |a vtls008852492 | ||
| 039 | 9 | |y 200610051203 |z mschk03 | |
| 040 | |a STUSCHK1 |b slo |c STUSCHK1 |e AACR2 | ||
| 100 | 1 | |a Dömötörová, Milena | |
| 245 | 1 | |a Rýchla plynová chromatografia v (ultra)stopovej analýze semiprchavých látok . Využitie v analýze pesticídov | |
| 260 | |a Bratislava |b STU FCHPT |c 2005 | ||
| 300 | |a 45 s. príloha, tab.,grafy,lit. | ||
| 500 | |a Obháj.: 7.3. 2006 | ||
| 500 | |a Katedra analytickej chémie | ||
| 500 | |a dizertačná práca | ||
| 910 | |a SCHK95 | ||
| 999 | |c 3624 |d 3624 | ||